[Event "Nutcracker Rapid 2016"]
[Site "Moscow RUS"]
[Date "2016.12.22"]
[Round "6.3"]
[White "Dreev, Aleksey"]
[Black "Fedoseev, Vladimir3"]
[Result "0-1"]
[WhiteTitle "GM"]
[BlackTitle "GM"]
[WhiteElo "2652"]
[BlackElo "2667"]
[WhiteTeam "Kings"]
[BlackTeam "Princes"]
[WhiteFideId "4100107"]
[BlackFideId "24130737"]
[EventDate "2016.12.21"]

1. d4 Nf6 2. Nf3 e6 3. c4 a6 4. Nc3 d5 5. cxd5 exd5 6. Bg5 Be6 7. e3 Nbd7 8. Bd3
h6 9. Bh4 g5 10. Bg3 Nh5 11. Qc2 c6 12. Bf5 Bxf5 13. Qxf5 Nxg3 14. hxg3 Bg7 15.
O-O-O Qe7 16. e4 Qe6 17. g4 Nf6 18. exd5 Qxf5 19. gxf5 cxd5 20. Rde1+ Kf8 21.
Ne5 g4 22. a4 h5 23. g3 Rc8 24. Kd2 Bh6+ 25. Kd3 Kg7 26. Ra1 Bg5 27. Ra3 h4 28.
gxh4 Rxh4 29. Rxh4 Bxh4 30. Ke2 Re8 31. Kf1 g3 32. Nf3 gxf2 33. Nxh4 Rh8 34.
Nxd5 Nxd5 35. Nf3 Rc8 36. Kxf2 Rc2+ 37. Kg3 Rxb2 38. Ra1 Kf6 39. Re1 Nc3 40. Kf4
Re2 41. Rh1 Re4+ 42. Kg3 Ne2+ 43. Kf2 Nxd4 44. Nxd4 Rxd4 45. Rh6+ Kxf5 46. Rb6
Rxa4 47. Rxb7 f6 48. Rh7 a5 49. Rh5+ Kg4 50. Rc5 f5 51. Rc2 Ra1 0-1

[Event "Nutcracker Rapid 2016"]
[Site "Moscow RUS"]
[Date "2016.12.22"]
[Round "6.4"]
[White "Shirov, Alexei"]
[Black "Artemiev, Vladislav"]
[Result "1-0"]
[WhiteTitle "GM"]
[BlackTitle "GM"]
[WhiteElo "2673"]
[BlackElo "2653"]
[WhiteTeam "Kings"]
[BlackTeam "Princes"]
[WhiteFideId "2209390"]
[BlackFideId "24101605"]
[EventDate "2016.12.21"]

1. d4 d5 2. c4 c6 3. Nf3 Nf6 4. e3 g6 5. Nc3 Bg7 6. Bd3 O-O 7. O-O Bg4 8. h3
Bxf3 9. Qxf3 e6 10. b3 Nbd7 11. Bb2 Re8 12. Rfd1 Qe7 13. a4 a5 14. Ba3 Qd8 15.
Bd6 Bf8 16. Bg3 Qb6 17. Rab1 Qb4 18. Ne2 Bg7 19. cxd5 exd5 20. Rdc1 Nf8 21. Nc3
Nh5 22. Bh4 Qd6 23. g4 Nf6 24. Bg3 Qe7 25. Qf4 h5 26. Be2 hxg4 27. hxg4 Rad8 28.
Bh4 Rd6 29. Kg2 Re6 30. Bf3 Qb4 31. Bg3 N6h7 32. g5 Rd8 33. Qh4 Ree8 34. Bg4 Qe7
35. Bf4 Ne6 36. Bxe6 Qxe6 37. Rh1 Nf8 38. Rh3 c5 39. Bg3 cxd4 40. exd4 Qf5 41.
Rbh1 Rc8 42. Nb5 Re4 43. Nd6 Qe6 44. Nxe4 dxe4 45. Be5 Bxe5 46. dxe5 f5 47. gxf6
Kf7 48. Qxe4 Ke8 49. Rh8 Rc3 50. Rxf8+ Kxf8 51. Rh8+ 1-0

[Event "Nutcracker Rapid 2016"]
[Site "Moscow RUS"]
[Date "2016.12.22"]
[Round "7.1"]
[White "Morozevich, Alexander"]
[Black "Artemiev, Vladislav"]
[Result "0-1"]
[WhiteTitle "GM"]
[BlackTitle "GM"]
[WhiteElo "2676"]
[BlackElo "2653"]
[WhiteTeam "Kings"]
[BlackTeam "Princes"]
[WhiteFideId "4116992"]
[BlackFideId "24101605"]
[EventDate "2016.12.21"]

1. e4 c5 2. Nf3 d6 3. d4 cxd4 4. Nxd4 Nf6 5. Nc3 a6 6. Be3 e6 7. f3 b5 8. Qd2 b4
9. Na4 Nbd7 10. c4 bxc3 11. Nxc3 Bb7 12. Be2 Be7 13. O-O O-O 14. b4 d5 15. b5
axb5 16. Bxb5 dxe4 17. Nc6 Bxc6 18. Bxc6 Ra3 19. Nxe4 Nxe4 20. fxe4 Ne5 21. Rfc1
Rd3 22. Qe2 Bg5 23. Bxg5 Qxg5 24. Rc2 Nf3+ 25. Kf2 Qh4+ 26. Kf1 Nxh2+ 27. Kg1
Rg3 28. Rd1 Ng4 0-1

[Event "Nutcracker Rapid 2016"]
[Site "Moscow RUS"]
[Date "2016.12.22"]
[Round "7.2"]
[White "Gelfand, Boris"]
[Black "Oparin, Grigoriy"]
[Result "1/2-1/2"]
[WhiteTitle "GM"]
[BlackTitle "GM"]
[WhiteElo "2725"]
[BlackElo "2616"]
[WhiteTeam "Kings"]
[BlackTeam "Princes"]
[WhiteFideId "2805677"]
[BlackFideId "24125890"]
[EventDate "2016.12.21"]

1. d4 Nf6 2. c4 e6 3. Nf3 d5 4. g3 dxc4 5. Bg2 a6 6. O-O Nc6 7. e3 Bd7 8. Qe2
Bd6 9. Qxc4 O-O 10. Rd1 Qe7 11. Nc3 b5 12. Qd3 e5 13. dxe5 Bxe5 14. e4 Bg4 15.
Bg5 Qe6 16. Nd5 Rad8 17. Rac1 Nb4 18. Qb3 Nbxd5 19. exd5 Qf5 20. Bxf6 Qxf6 21.
Rc6 Rd6 22. Rxc7 Rxd5 23. Rxd5 Bxc7 24. Ng5 h6 25. Ne4 Qe7 26. Qc3 Be6 27. Rd1
Rd8 28. Rxd8+ Qxd8 29. h4 Bb6 30. b3 Qd1+ 31. Kh2 Qe2 32. Qe5 Qd1 33. Qb8+ Qd8 1/2-1/2

[Event "Nutcracker Rapid 2016"]
[Site "Moscow RUS"]
[Date "2016.12.22"]
[Round "7.3"]
[White "Dubov, Daniil"]
[Black "Dreev, Aleksey"]
[Result "1-0"]
[WhiteTitle "GM"]
[BlackTitle "GM"]
[WhiteElo "2660"]
[BlackElo "2652"]
[WhiteTeam "Princes"]
[BlackTeam "Kings"]
[WhiteFideId "24126055"]
[BlackFideId "4100107"]
[EventDate "2016.12.21"]

1. d4 d5 2. c4 c6 3. Nf3 Nf6 4. Nc3 e6 5. g3 dxc4 6. Ne5 Nbd7 7. Nxc4 b5 8. Ne3
Bb7 9. Bg2 Qb6 10. a4 a6 11. O-O Be7 12. Nc2 Nd5 13. Bd2 O-O 14. Nxd5 cxd5 15.
a5 Qd8 16. Nb4 Rc8 17. Nd3 Nf6 18. Bg5 h6 19. Bxf6 Bxf6 20. e3 Rc4 21. b3 Rc7
22. Qd2 Be7 23. Rac1 b4 24. Nc5 Bxc5 25. dxc5 Qe7 26. Qxb4 Rfc8 27. Rfd1 Rxc5
28. Bf1 Kf8 29. Rxc5 Rxc5 30. e4 Rc2 31. Qb6 Qc7 32. Qxc7 Rxc7 33. exd5 Bxd5 34.
b4 Rc6 35. Ra1 Ke7 36. b5 axb5 37. Bxb5 Rc5 38. Bf1 Rc7 39. a6 Ra7 40. f4 Kd6
41. Kf2 Kc5 42. Ke3 Ra8 43. f5 Re8 44. Kf2 Kb6 45. fxe6 Rxe6 46. a7 Re8 47. Ra6+
Kb7 48. Ra5 Bh1 49. Ra1 Bd5 50. Rd1 Bc6 51. Rd6 1-0

[Event "Nutcracker Rapid 2016"]
[Site "Moscow RUS"]
[Date "2016.12.22"]
[Round "7.4"]
[White "Fedoseev, Vladimir3"]
[Black "Shirov, Alexei"]
[Result "0-1"]
[WhiteTitle "GM"]
[BlackTitle "GM"]
[WhiteElo "2667"]
[BlackElo "2673"]
[WhiteTeam "Princes"]
[BlackTeam "Kings"]
[WhiteFideId "24130737"]
[BlackFideId "2209390"]
[EventDate "2016.12.21"]

1. e4 e5 2. Nf3 Nc6 3. Bc4 Bc5 4. c3 Nf6 5. d3 O-O 6. O-O d5 7. exd5 Nxd5 8. h3
Nb6 9. Bb5 Bd6 10. Bxc6 bxc6 11. Re1 Re8 12. Nbd2 Bf5 13. Ne4 Bg6 14. Qb3 Bf8
15. Qc2 c5 16. b3 h6 17. Bb2 Nd5 18. Rad1 Qd7 19. c4 Nb4 20. Qb1 f6 21. Re3 Rad8
22. Rd2 Qc6 23. Qd1 Nxa2 24. Nh4 f5 25. Nc3 f4 26. Re1 Nb4 27. Ne4 Bh7 28. Nf3
Bd6 29. Qe2 a5 30. Bc3 a4 31. bxa4 Qxa4 32. Ra1 Qc6 33. Re1 Ra8 34. Rb2 Ra3 35.
Bxb4 cxb4 36. d4 exd4 37. Nf6+ gxf6 38. Qxe8+ Qxe8 39. Rxe8+ Kf7 40. Rh8 Be4 41.
Nxd4 Be5 42. Rd2 b3 43. Nxb3 Rxb3 44. Rd1 Kg7 45. Re8 Rc3 46. f3 Bc6 47. Re7+
Kg6 48. Rd8 Rxc4 49. Rg8+ Kf5 50. h4 Bd5 51. Rh8 Bd4+ 52. Kh2 Rc2 53. Rd7 c6 54.
Rxh6 Bf2 55. Kh3 Rc1 56. Rh5+ Kg6 57. Rhxd5 Rh1+ 0-1

[Event "Nutcracker Rapid 2016"]
[Site "Moscow RUS"]
[Date "2016.12.22"]
[Round "8.1"]
[White "Fedoseev, Vladimir3"]
[Black "Morozevich, Alexander"]
[Result "1/2-1/2"]
[WhiteTitle "GM"]
[BlackTitle "GM"]
[WhiteElo "2667"]
[BlackElo "2676"]
[WhiteTeam "Princes"]
[BlackTeam "Kings"]
[WhiteFideId "24130737"]
[BlackFideId "4116992"]
[EventDate "2016.12.21"]

1. e4 e6 2. d4 d5 3. Nc3 Nf6 4. e5 Nfd7 5. Nce2 c5 6. c3 Nc6 7. f4 Be7 8. Nf3
O-O 9. Be3 Qb6 10. Qd2 f6 11. g3 Kh8 12. Bg2 cxd4 13. cxd4 Bb4 14. Nc3 Qa6 15.
Kf2 fxe5 16. fxe5 Ndxe5 17. dxe5 Nxe5 18. Rhf1 Nc4 19. Qe2 d4 20. Bxd4 e5 21.
Nd5 exd4 22. Nxb4 Qb5 23. Qe7 Bh3 24. Bxh3 Nd2 25. Kg1 Nxf3+ 26. Rxf3 Rxf3 27.
Rf1 Rxf1+ 28. Bxf1 Qb6 29. Nd5 Qxb2 30. Nc7 Rg8 31. Ne6 d3 32. Qd6 Qf6 33. Bxd3
Re8 34. Bc4 b5 35. Qc6 Rb8 36. Bb3 Qa1+ 37. Kg2 Qb2+ 38. Kh3 Qe5 39. Qf3 a5 40.
Qg4 Qf6 41. Ng5 Rf8 42. Qh5 h6 43. Nf7+ Kh7 44. Qxb5 Rxf7 45. Bxf7 Qxf7 46. Qxa5
Qf1+ 47. Kg4 Qe2+ 48. Kf4 Qxh2 49. Qf5+ Kh8 50. Qc8+ Kh7 51. Qf5+ Kh8 52. Qc8+
Kh7 53. Qf5+ Kh8 1/2-1/2

[Event "Nutcracker Rapid 2016"]
[Site "Moscow RUS"]
[Date "2016.12.22"]
[Round "8.2"]
[White "Artemiev, Vladislav"]
[Black "Gelfand, Boris"]
[Result "1/2-1/2"]
[WhiteTitle "GM"]
[BlackTitle "GM"]
[WhiteElo "2653"]
[BlackElo "2725"]
[WhiteTeam "Princes"]
[BlackTeam "Kings"]
[WhiteFideId "24101605"]
[BlackFideId "2805677"]
[EventDate "2016.12.21"]

1. b3 Nf6 2. Bb2 c5 3. c4 d6 4. g3 e5 5. Bg2 g6 6. Nf3 Bg7 7. d3 Nc6 8. Nc3 O-O
9. O-O h6 10. Nd2 Be6 11. Nde4 Qd7 12. Nxf6+ Bxf6 13. a3 Bg7 14. Nd5 Rab8 15. b4
b6 16. Bc3 Ne7 17. Nxe7+ Qxe7 18. a4 Qd7 19. Qd2 d5 20. bxc5 bxc5 21. cxd5 Bxd5
22. Rfc1 Rfc8 23. Bxd5 Qxd5 24. Rab1 Rxb1 25. Rxb1 c4 26. Rb5 Qc6 27. dxc4 Qxc4
28. Bxe5 Qxa4 29. Qd5 Bxe5 30. Qxe5 Qd1+ 31. Kg2 Qd7 32. Rd5 Qc6 33. e4 Re8 34.
Qd4 a5 35. Rxa5 Rxe4 36. Qd5 1/2-1/2

[Event "Nutcracker Rapid 2016"]
[Site "Moscow RUS"]
[Date "2016.12.22"]
[Round "8.3"]
[White "Dreev, Aleksey"]
[Black "Oparin, Grigoriy"]
[Result "1/2-1/2"]
[WhiteTitle "GM"]
[BlackTitle "GM"]
[WhiteElo "2652"]
[BlackElo "2616"]
[WhiteTeam "Kings"]
[BlackTeam "Princes"]
[WhiteFideId "4100107"]
[BlackFideId "24125890"]
[EventDate "2016.12.21"]

1. d4 Nf6 2. Nf3 d5 3. c4 e6 4. Nc3 Be7 5. Bf4 O-O 6. e3 Nbd7 7. Be2 dxc4 8.
Bxc4 Nb6 9. Bd3 Nbd5 10. Nxd5 Nxd5 11. Bg3 c5 12. O-O cxd4 13. Nxd4 Bd7 14. Qb3
Qb6 15. Qxb6 axb6 16. Be4 Bf6 17. Bxd5 exd5 18. Rfd1 Rfc8 19. a3 Ra4 20. Rd2
Bxd4 21. exd4 Rac4 22. f3 1/2-1/2

[Event "Nutcracker Rapid 2016"]
[Site "Moscow RUS"]
[Date "2016.12.22"]
[Round "8.4"]
[White "Shirov, Alexei"]
[Black "Dubov, Daniil"]
[Result "1-0"]
[WhiteTitle "GM"]
[BlackTitle "GM"]
[WhiteElo "2673"]
[BlackElo "2660"]
[WhiteTeam "Kings"]
[BlackTeam "Princes"]
[WhiteFideId "2209390"]
[BlackFideId "24126055"]
[EventDate "2016.12.21"]

1. e4 e5 2. Nf3 Nc6 3. Bb5 a6 4. Ba4 Nf6 5. O-O Nxe4 6. d4 Be7 7. Qe2 b5 8. Nxe5
Nd6 9. Nxc6 dxc6 10. Bb3 O-O 11. Bf4 Nf5 12. c3 c5 13. dxc5 Bxc5 14. Nd2 Bd6 15.
Bxd6 Nxd6 16. Ne4 Bb7 17. Nxd6 Qxd6 18. Rad1 Qg6 19. f3 Qb6+ 20. Qf2 Qxf2+ 21.
Kxf2 Rfd8 22. Rxd8+ Rxd8 23. Rd1 Rxd1 24. Bxd1 Kf8 25. b4 Ke7 26. Ke3 Kd6 27.
Kd4 Bd5 28. a3 Be6 29. f4 f6 30. Bc2 h6 31. Be4 c6 32. Bg6 Bd7 33. h3 Be6 34. h4
Bd5 35. g3 Be6 36. Bh5 Bf5 37. c4 Be6 38. Be2 Bd7 39. Bd1 Be6 40. Bb3 Bg4 41. a4
Bd7 42. a5 Bc8 43. Bc2 Be6 44. cxb5 cxb5 45. Be4 Kc7 46. Kc5 Bc4 47. g4 g5 48.
fxg5 fxg5 49. hxg5 hxg5 50. Bf5 Bb3 51. Kd4 Kd6 52. Bc8 Bd1 53. Bxa6 Bxg4 54.
Bxb5 Bc8 55. Be2 g4 56. Ke3 g3 57. Bf3 Ke5 58. b5 Kd6 59. a6 1-0